| 000 | 00464nam a2200145 4500 | ||
|---|---|---|---|
| 999 |
_c11655 _d11655 |
||
| 008 | 181217b ||||| |||| 00| 0 eng d | ||
| 022 | _a 2094-8042 | ||
| 082 | _aDPer 050 T48 Apr-June 2016 v. 187 n. 12-24 | ||
| 100 |
_933351 _aLai, Jimmy |
||
| 245 |
_aTsai Ing-wen: _ba new face of democracy/ _cJimmy Lai. |
||
| 260 |
_aHong Kong: _bTime Asia, _cc2016. |
||
| 300 |
_av187 n16-17, page 70: _billustrations; _c27 cm. |
||
| 650 | 0 |
_933352 _aPolitics. |
|
| 942 |
_2ddc _cPER |
||